Lettres athéniennes ou Correspondance d'un agent du roi de Perse, à Athènes, pendant la guerre du Péloponèse / (Record no. 157640)
[ view plain ]
| 000 -LEADER | |
|---|---|
| campo de control de longitud fija | 00860nam a22001695i 4500 |
| 001 - NÚMERO DE CONTROL | |
| campo de control | 157640 |
| 003 - IDENTIFICADOR DE NÚMERO DE CONTROL | |
| campo de control | ES-MaACL |
| 005 - FECHA Y HORA DE LA ÚLTIMA TRANSACCIÓN | |
| campo de control | 20230906210755.0 |
| 008 - DATOS DE LONGITUD FIJA--INFORMACIÓN GENERAL | |
| campo de control de longitud fija | 040906s1803 fr af |||| | fre d |
| 040 ## - FUENTE DE CATALOGACIÓN | |
| Centro catalogador/agencia de origen | CAM |
| Lengua de catalogación | spa |
| Centro/agencia transcriptor | CAM |
| 245 00 - MENCIÓN DEL TÍTULO | |
| Título | Lettres athéniennes ou Correspondance d'un agent du roi de Perse, à Athènes, pendant la guerre du Péloponèse / |
| Mención de responsabilidad, etc. | traduite de l'anglais par Alexandre-Louis Villeterque; ornées de douze portraits gravés de burin; avec une carte de l'ancienne Grèce et un index géographique. |
| 260 ## - PUBLICACIÓN, DISTRIBUCIÓN, ETC. | |
| Lugar de publicación, distribución, etc. | Paris : |
| Nombre del editor, distribuidor, etc. | Dentu, imp.-libraire, |
| Fecha de publicación, distribución, etc. | An XI, 1803. |
| 300 ## - DESCRIPCIÓN FÍSICA | |
| Extensión | 3 v. (396 p., [5] h. de lám.; 408 p., [4] h. de lám.; 385 p.; [3] h. de lám.) : |
| Otras características físicas | il. ; |
| Dimensiones | 21 cm. |
| 599 ## - NOTA A LAS ILUSTRACIONES | |
| NOTA A LAS ILUSTRACIONES | Las h. de lám. calc.: "Gravé por Adam", retratos. |
| 700 1# - ENTRADA AGREGADA--NOMBRE PERSONAL | |
| Nombre de persona | Villeterque, Alexandre-Louis. |
| 9 (RLIN) | 133770 |
| 852 ## - LOCALIZACIÓN | |
| Ubicación | ES-MaACL |
| Número de control de estantería | G-8953-55 |
| Nota libre | -- Enc. hol. |
| Estatus retirado | Estado de pérdida | Estado de daño | No para préstamo | Colección | Biblioteca de origen | Biblioteca actual | Ubicación en estantería | Fecha de adquisición | Total de préstamos | Signatura topográfica completa | Código de barras | Visto por última vez | Precio de reemplazo | Tipo de ítem Koha |
|---|---|---|---|---|---|---|---|---|---|---|---|---|---|---|
| Libros del s. XIX | Biblioteca del Ateneo de Madrid | Biblioteca del Ateneo de Madrid | Sala Pecera Planta 3 | 17/01/2008 | G-8953-55 | 1164965 | 23/02/2023 | 23/02/2023 | Libro impreso antiguo |
